Kể chuyện xây lăng bác Hồ

Gồm hai bài "Kể chuyện xây lăng bác Hồ và "Đón Bác về giữa trái tim" nói về tấm lòng kính yêu và biết ơn bác của các tầng lớp nhân dân, quân đội, cán bộ đã góp công sức và vật liệu quý để xây dựng lăng Bác

Sparad:
Bibliografiska uppgifter
Huvudupphovsman: Hồng Khanh
Övriga upphovsmän: Dân Hồng (Tác giả), Thế Long (Tác giả)
Materialtyp: Bok
Språk:Vietnamese
Publicerad: H. Phổ thông 1976
Ämnen:
Taggar: Lägg till en tagg
Inga taggar, Lägg till första taggen!
Thư viện lưu trữ: Mạng thư viện Đại học Đà Nẵng
LEADER 01460nam a22003738a 4500
001 000006750
003 2910
005 20110923140901.0
008 110920s1976 b 000 0 vieod
020 |c 3000đ  |d 20200b 
041 0 |a vie 
082 |a 895.9228  |b HÔ-K 
084 |a V6(1)7-44  |b K250C 
100 1 |a Hồng Khanh 
245 1 0 |a Kể chuyện xây lăng bác Hồ  |c Hồng Khanh, Thế Long, Dân Hồng 
260 |a H.  |b Phổ thông  |c 1976 
300 |a 112 tr.  |c 19 cm. 
520 |a Gồm hai bài "Kể chuyện xây lăng bác Hồ và "Đón Bác về giữa trái tim" nói về tấm lòng kính yêu và biết ơn bác của các tầng lớp nhân dân, quân đội, cán bộ đã góp công sức và vật liệu quý để xây dựng lăng Bác 
653 |a Lăng 
653 |a Xây dựng 
653 |a Chủ tịch Hồ Chí Minh 
700 1 |a Dân Hồng  |e Tác giả 
700 1 |a Thế Long  |e Tác giả 
910 |a Huỳnh Thị Cẩm Lai  |d 20/09/2011 
OWN |a LSP 
AVA |a UDN50  |b LSP  |d 895.9228 HÔ-K  |e unavailable  |t Error 5002 Not defined in file expand_doc_bib_avail.  |f 1  |g 1  |h N  |i 0  |k 1 
999 |a From the UDN01 
AVA |a UDN50  |b LSP  |d 895.9228 HÔ-K  |e unavailable  |t Error 5002 Not defined in file expand_doc_bib_avail.  |f 1  |g 1  |h N  |i 0  |k 1 
TYP |a Monograph 
TYP |a Printed language 
980 |a Mạng thư viện Đại học Đà Nẵng